Neues gesangbuch zur öffentlichen erbauung und privatandacht auf befehl eines hochlöblichen raths unter der aufsicht und prüfung der vordersten theologen nürnbergs den reichsstadt nürnbergischen gemeinden in der stadt und auf dem lande gewidmet. (Record no. 8299)
[ view plain ]
| 000 -CABECERA | |
|---|---|
| campo de control de longitud fija | 01169nam a2200277 a 4500 |
| 001 - NÚMERO DE CONTROL | |
| campo de control | BRCA_8639 |
| 005 - FECHA Y HORA DE LA ÚLTIMA TRANSACCIÓN | |
| campo de control | 20190320210343.0 |
| 008 - DATOS DE LONGITUD FIJA--INFORMACIÓN GENERAL | |
| campo de control de longitud fija | 230916s1802----gw-#######---#000-0#ger-# |
| 041 ## - CÓDIGO DE LENGUA | |
| Código de lengua del texto/banda sonora o título independiente | ger |
| 044 ## - CÓDIGO DEL PAÍS DE LA ENTIDAD EDITORA/PRODUCTORA | |
| Código MARC del país | gw |
| 050 #4 - SIGNATURA TOPOGRÁFICA DE LA BIBLIOTECA DEL CONGRESO | |
| Número de clasificación | BV169 |
| Número de documento/Ítem | .N48 |
| -- | 1802 |
| 245 10 - MENCIÓN DE TÍTULO | |
| Título | Neues gesangbuch zur öffentlichen erbauung und privatandacht auf befehl eines hochlöblichen raths unter der aufsicht und prüfung der vordersten theologen nürnbergs den reichsstadt nürnbergischen gemeinden in der stadt und auf dem lande gewidmet. |
| 260 ## - PUBLICACIÓN, DISTRIBUCIÓN, ETC. | |
| Lugar de publicación, distribución, etc. | Nurnberg |
| Nombre del editor, distribuidor, etc. | Berlog der job. andrea endrerischen handlug |
| Fecha de publicación, distribución, etc. | 1802 |
| 300 ## - DESCRIPCIÓN FÍSICA | |
| Extensión | 392 p. |
| Dimensiones | 18 cm |
| 500 ## - NOTA GENERAL | |
| Nota general | Fondo antiguo |
| 500 ## - NOTA GENERAL | |
| Nota general | Se encuentra en Caja Fuerte |
| 500 ## - NOTA GENERAL | |
| Nota general | 12-153 |
| 500 ## - NOTA GENERAL | |
| Nota general | Grabado en portada |
| 500 ## - NOTA GENERAL | |
| Nota general | Incluye índice |
| 500 ## - NOTA GENERAL | |
| Nota general | Texto impreso a dos columnas |
| 500 ## - NOTA GENERAL | |
| Nota general | Nota de encuadernación: en terciopelo, cartera desprendida de la encuadernación, cantoneras y broches metálicos, edición de cantos dorados |
| 506 0# - NOTA DE RESTRICCIONES AL ACCESO | |
| Limitaciones de acceso | Fondo reservado: para su consulta es necesario credencial de usuario y carta de motivos |
| 650 14 - PUNTO DE ACCESO ADICIONAL DE MATERIA--TÉRMINO DE MATERIA | |
| Término de materia o nombre geográfico como elemento de entrada | Iglesia católica |
| Término indicativo de función/relación | Liturgia |
| 9 (RLIN) | 15525 |
| 902 ## - CATALOGADOR | |
| Iniciales | LAR |
| 942 ## - ELEMENTOS DE PUNTO DE ACCESO ADICIONAL (KOHA) | |
| Fuente del sistema de clasificación o colocación | Library of Congress Classification |
| Tipo de ítem Koha | Libros |
| Estado de retiro | Estado de pérdida | Estado dañado | No para préstamo | Localización permanente | Ubicación/localización actual | Fecha de adquisición | Total de préstamos | Signatura topográfica completa | Código de barras | Fecha visto por última vez | Precio válido a partir de | Tipo de ítem Koha |
|---|---|---|---|---|---|---|---|---|---|---|---|---|
| El ejemplar forma parte de la colección y puede ser consultado según las políticas vigentes. | Biblioteca del Museo Franz Mayer (Rogerio Casas-Alatriste) | Biblioteca del Museo Franz Mayer (Rogerio Casas-Alatriste) | 23/09/2016 | BV169 .N48 1802 | LAR00145 | 22/03/2019 | 22/03/2019 | Libros |